| 000 | 02542nab a22003854i 4500 | ||
|---|---|---|---|
| 999 |
_c63711 _d63711 |
||
| 001 | 768714001 | ||
| 003 | CO-MdFUSB | ||
| 005 | 20200415175009.0 | ||
| 007 | cr cn||||||||| | ||
| 008 | 150321t20159999sp ar go 0 b0spa d | ||
| 020 | _a[No incluye ISBN] | ||
| 040 |
_aCO-MdFUSBC _bspa _erda _cCO-MdFUSB _dCO-MdFUSBC |
||
| 041 | _aspa | ||
| 082 | 0 | 4 |
_a200 _223 |
| 100 | 1 |
_aSegovia, Carlos A. _eautor |
|
| 245 | 1 | 0 |
_aPablo de Tarso, Israel y los gentiles : _bel nuevo enfoque radical sobre Pablo y el cariz judío de su mensaje _c/ Carlos A. Segovia. _h[recurso electrónico] |
| 264 | 1 |
_aMadrid, España : _bTrotta, _c[2015] |
|
| 264 | 5 | _c© 2015 | |
| 300 |
_arecurso en línea (36 páginas) _c; |
||
| 336 |
_atexto _2rdacontent _btxt |
||
| 337 |
_ainformático _2rdamedia _bc |
||
| 338 |
_aremoto _2rdacarrier _bcr |
||
| 347 |
_2rda _afichero de texto _bHtml |
||
| 490 | 1 | _aBandue: Revista de la Sociedad Española de Ciencias de las Religiones. | |
| 505 | _aLo que el budismo no es (y lo que pudiera ser): Juan Arnau . -- Has the Hypothesis of a Seditionist Jesus Been Dealt a Fatal Blow? A Systematic Answer to the Doubters / Fernando Bermejo Rubio. -- Dimensión institucional, jurídica y constitucional de los Acuerdos entre el Estado español y la Santa Sede de 1979: / Óscar Celador Angón. -- «Ocho estrofas sobre Anuttara » ( Anuttar āṣṭikā ). Plegaria atribuida a Abhinavagupta: Óscar Figueroa Castro. -- Claves para una hermenéutica de diálogo entre Averroes y Abenarabi: Francisco López Cedeño. -- El objeto ausente. Sobre la desdichada objetividad del objeto: Grecy Pérez Amores. -- La leyenda de los asesinos. Mito, textos y correlatos a partir de la obra Alamut de Vladimir Bartol: Sergio Pou Hernández. -- Historia y Cultura de las Religiones: una experiencia docente: Roberto Carlos Rodríguez González. -- Pablo de Tarso, Israel y los gentiles. El nuevo enfoque radical sobre Pablo y el cariz judío de su mensaje: Carlos A. Segovia | ||
| 516 | _aTexto electrónico | ||
| 538 | _aAcceso a Internet; requiere usuario y clave asignada por la biblioteca | ||
| 650 | 4 |
_aReligión _vPublicaciones periódicas. |
|
| 830 |
_aBandue: Revista de la Sociedad Española de Ciencias de las Religiones. _v7 |
||
| 856 | 4 | 0 |
_uhttp://site.ebrary.com/lib/unisbcsp/Doc?id=11013388 _b11013388 _zAbrir Versión electrónica del libro |
| 942 | _cBK | ||
| 945 | _aJTF-925 | ||